[Event "SWE-chT 2324 Elite"]
[Site "Sweden"]
[Date "2024.03.09"]
[Round "8.8"]
[White "Aroven, Mikael"]
[Black "Sevastianov, Andrii"]
[Result "1/2-1/2"]
[WhiteElo "2109"]
[BlackElo "2166"]
[PlyCount "90"]
[EventDate "2023.10.13"]
[EventType "team-tourn"]
[EventRounds "9"]
[EventCountry "SWE"]
[SourceTitle "EXT 2025"]
[Source "ChessBase"]
[SourceDate "2024.10.14"]
[SourceVersion "1"]
[SourceVersionDate "2024.10.14"]
[SourceQuality "1"]
[WhiteTeam "Kungstornet"]
[BlackTeam "Vaxjo"]
[WhiteTeamCountry "SWE"]
[BlackTeamCountry "SWE"]

1. d4 d5 2. Nf3 Nf6 3. c4 e6 4. Nc3 c5 5. e3 Nc6 6. cxd5 Nxd5 7. Bd3 Be7 8. Nxd5 Qxd5 9. e4 Qh5 10. Be3 0-0 11. 0-0 Rd8 12. Bb5 Bd7 13. Be2 Qg6 14. dxc5 Qxe4 15. a3 Ne5 16. Qb1 Nxf3+ 17. Bxf3 Qxb1 18. Raxb1 Bc6 19. Bxc6 bxc6 20. b4 a6 21. Rfc1 Kf8 22. Kf1 Ke8 23. Ke2 Rab8 24. g4 Rd5 25. Rd1 Rbd8 26. Rxd5 Rxd5 27. Rb3 Kd7 28. Rd3 Bf6 29. g5 Bd8 30. f4 h6 31. Kd2 hxg5 32. fxg5 g6 33. Kc3 f6 34. gxf6 Bxf6+ 35. Kc4 Rxd3 36. Kxd3 Be5 37. h3 Bc7 38. Kc4 e5 39. Kd3 Ke6 40. Ke4 Bd8 41. Bc1 Bh4 42. Bb2 Bg3 43. Bc3 Bf4 44. Bb2 Bg3 45. Bc3 Bf4 1/2-1/2

[Event "Stockholm op"]
[Site "Stockholm"]
[Date "2019.08.15"]
[Round "6"]
[White "Belokon, Artour"]
[Black "Aroven, Mikael"]
[Result "1-0"]
[WhiteElo "2007"]
[BlackElo "2103"]
[PlyCount "65"]
[EventDate "2019.08.12"]
[EventType "swiss"]
[EventRounds "9"]
[EventCountry "SWE"]
[SourceTitle "EXT 2020"]
[Source "ChessBase"]
[SourceDate "2019.10.17"]
[SourceVersion "1"]
[SourceVersionDate "2019.10.17"]
[SourceQuality "1"]

1. e4 g6 2. Nc3 Bg7 3. g3 d6 4. Bg2 Nf6 5. Nge2 Nc6 6. d4 e5 7. dxe5 Nxe5 8. 0-0 0-0 9. Bf4 Nh5 10. Be3 Bg4 11. f3 Be6 12. b3 Qc8 13. Qd2 Re8 14. Rad1 Bh3 15. Nd5 Bxg2 16. Kxg2 c6 17. Ndf4 Nxf4+ 18. gxf4 Nxf3 19. Rxf3 Rxe4 20. Ng3 Re6 21. f5 gxf5 22. Nxf5 Be5 23. Kh1 c5 24. Qg2+ Kf8 25. Bh6+ Ke8 26. Qg8+ Kd7 27. Qxf7+ Kc6 28. Bg7 Kb6 29. Bxe5 Qc6 30. Nxd6 Rg8 31. Rdf1 Rgg6 32. Nc4+ Ka6 33. Qc7 1-0

[Event "Stockholm op"]
[Site "Stockholm"]
[Date "2018.08.19"]
[Round "9"]
[White "Aroven, Mikael"]
[Black "Gustavsson, Kent"]
[Result "1-0"]
[WhiteElo "2085"]
[BlackElo "1790"]
[PlyCount "109"]
[EventDate "2018.08.13"]
[EventType "swiss"]
[EventRounds "9"]
[EventCountry "SWE"]
[SourceTitle "EXT 2019"]
[Source "ChessBase"]
[SourceDate "2018.10.10"]
[SourceVersion "1"]
[SourceVersionDate "2018.10.10"]
[SourceQuality "1"]

1. e4 e5 2. Nf3 Nc6 3. d4 exd4 4. Nxd4 Nf6 5. Nc3 Bb4 6. Nxc6 bxc6 7. Bd3 d5 8. exd5 cxd5 9. 0-0 0-0 10. Bg5 c6 11. Ne2 Bg4 12. c3 Be7 13. Qa4 Bxe2 14. Bxe2 Qb6 15. Qc2 Rfe8 16. Bf3 Ne4 17. Bf4 Bf6 18. Be3 Qb8 19. Rfe1 a5 20. Rab1 Qd6 21. c4 Be5 22. h3 Nf6 23. Qa4 Qb4 24. Qxc6 Rac8 25. Qb6 Rxc4 26. a3 Qxb6 27. Bxb6 a4 28. Be2 Re4 29. f3 Bd4+ 30. Bxd4 Rxd4 31. Red1 Rxd1+ 32. Bxd1 Ra8 33. Rc1 Kf8 34. Rc3 Rb8 35. b4 axb3 36. Bxb3 Ke7 37. h4 Kd6 38. g4 Ra8 39. Bc2 h6 40. h5 d4 41. Rb3 Rc8 42. Bf5 Re8 43. Kf2 Re7 44. Rb4 Kc5 45. Ra4 Nd5 46. Ra5+ Kc4 47. Ra8 Nf4 48. Be4 Kc3 49. Rc8+ Kd2 50. Rc2+ Kd1 51. Ra2 Rd7 52. a4 d3 53. a5 Nd5 54. a6 Nb4 55. a7 1-0

[Event "Helsingor Xtracon op"]
[Site "Helsingor"]
[Date "2017.07.28"]
[Round "8"]
[White "Aroven, Mikael"]
[Black "Kashwan, Hassan"]
[Result "0-1"]
[WhiteElo "2114"]
[BlackElo "1892"]
[PlyCount "74"]
[EventDate "2017.07.22"]
[EventType "swiss"]
[EventRounds "10"]
[EventCountry "DEN"]
[SourceTitle "CBM 179 Extra"]
[Source "ChessBase"]
[SourceDate "2017.08.23"]
[SourceVersion "1"]
[SourceVersionDate "2017.08.23"]
[SourceQuality "1"]

1. b3 a5 2. a3 Nf6 3. Bb2 e6 4. c4 d5 5. e3 Bd6 6. f4 0-0 7. Nf3 c5 8. Bd3 d4 9. 0-0 Nc6 10. Qc2 Qc7 11. exd4 cxd4 12. g3 b6 13. Ng5 h6 14. Ne4 Nxe4 15. Bxe4 Bc5 16. d3 Bb7 17. Qg2 Rab8 18. Nd2 Ne7 19. g4 f5 20. Bxb7 Qxb7 21. Rf3 fxg4 22. Qxg4 Nf5 23. Ne4 Qf7 24. Kh1 Ne3 25. Qh3 Qf5 26. b4 Qxh3 27. Rxh3 axb4 28. axb4 Bxb4 29. Rg1 Bc5 30. Rxh6 Rxf4 31. Rhg6 Nf5 32. Ng5 Rf2 33. Bc1 Bd6 34. Rg2 Rxg2 35. Rxe6 Rxh2+ 36. Kg1 Rc2 37. Re1 Bh2+ 0-1

[Event "Helsingor Xtracon op"]
[Site "Helsingor"]
[Date "2017.07.23"]
[Round "2"]
[White "Aroven, Mikael"]
[Black "Schroeder, Jan Christian"]
[Result "0-1"]
[WhiteElo "2114"]
[BlackElo "2539"]
[PlyCount "80"]
[EventDate "2017.07.22"]
[EventType "swiss"]
[EventRounds "10"]
[EventCountry "DEN"]
[SourceTitle "CBM 179 Extra"]
[Source "ChessBase"]
[SourceDate "2017.08.23"]
[SourceVersion "1"]
[SourceVersionDate "2017.08.23"]
[SourceQuality "1"]

1. Nf3 Nf6 2. b3 g6 3. Bb2 Bg7 4. c4 0-0 5. d3 d6 6. e4 e5 7. Be2 Nh5 8. g3 Nc6 9. Nc3 f5 10. exf5 Bxf5 11. 0-0 Nf6 12. d4 e4 13. Nh4 Bh3 14. Ng2 Qd7 15. Qd2 Rae8 16. Nd1 Ng4 17. Nde3 Bh6 18. Qc3 Nxe3 19. fxe3 g5 20. b4 Bg7 21. Bh5 Rd8 22. b5 Ne7 23. Qc2 Bg4 24. Bxg4 Qxg4 25. h3 Qxh3 26. Rxf8+ Rxf8 27. Qxe4 Qf5 28. Qxe7 Qf2+ 29. Kh2 Rf6 30. Qd8+ Bf8 31. Qxf6 Qxf6 32. Bc3 Qg6 33. Rc1 Qh5+ 34. Kg1 Qe2 35. Ba5 b6 36. Be1 Qxa2 37. Rc3 Qe2 38. Rc1 h5 39. Ra1 Qxc4 40. Rxa7 d5 0-1

[Event "Vaxjo Nordic zt"]
[Site "Vaxjo"]
[Date "2017.07.01"]
[Round "8"]
[White "Tuomainen, Felix"]
[Black "Aroven, Mikael"]
[Result "0-1"]
[WhiteElo "2294"]
[BlackElo "2114"]
[PlyCount "82"]
[EventDate "2017.06.26"]
[EventType "swiss"]
[EventRounds "9"]
[EventCountry "SWE"]
[SourceTitle "CBM 179 Extra"]
[Source "ChessBase"]
[SourceDate "2017.08.23"]
[SourceVersion "1"]
[SourceVersionDate "2017.08.23"]
[SourceQuality "1"]

1. d4 g6 2. c4 Bg7 3. Nc3 d6 4. e4 Nf6 5. Nf3 0-0 6. Be2 e5 7. d5 a5 8. Be3 Ng4 9. Bg5 f6 10. Bd2 f5 11. h3 Nf6 12. g4 f4 13. Qc2 Na6 14. 0-0-0 Nc5 15. Rdg1 Bd7 16. Ne1 c6 17. g5 Ne8 18. Nd3 Nxd3+ 19. Qxd3 Nc7 20. h4 Na6 21. dxc6 Bxc6 22. h5 Re8 23. hxg6 hxg6 24. Qh3 Kf7 25. Bh5 gxh5 26. Qf5+ Ke7 27. Rxh5 Qd7 28. Qg6 Rg8 29. Rh7 Kf8 30. Rd1 Rd8 31. Qf5+ Qf7 32. Nd5 Bxd5 33. Bxa5 Be6 34. g6 Qxf5 35. exf5 Rc8 36. fxe6 Rxc4+ 37. Kb1 Ke7 38. Rd5 Kxe6 39. Rb5 Bf6 40. Rbxb7 Rxg6 41. Rh1 Nc5 0-1

[Event "Vaxjo Nordic zt"]
[Site "Vaxjo"]
[Date "2017.06.29"]
[Round "5"]
[White "Aroven, Mikael"]
[Black "Johansson, Linus"]
[Result "0-1"]
[WhiteElo "2114"]
[BlackElo "2448"]
[PlyCount "126"]
[EventDate "2017.06.26"]
[EventType "swiss"]
[EventRounds "9"]
[EventCountry "SWE"]
[SourceTitle "CBM 179 Extra"]
[Source "ChessBase"]
[SourceDate "2017.08.23"]
[SourceVersion "1"]
[SourceVersionDate "2017.08.23"]
[SourceQuality "1"]

1. Nf3 Nf6 2. g3 b6 3. Bg2 Bb7 4. 0-0 e6 5. d3 d5 6. Nbd2 Be7 7. c3 c5 8. Qc2 Qc7 9. Re1 Nc6 10. e4 Rc8 11. Nf1 b5 12. b3 b4 13. Bb2 0-0 14. e5 Nd7 15. c4 d4 16. Qe2 a5 17. Bc1 a4 18. Bf4 Ra8 19. h4 Ra7 20. Rab1 Rfa8 21. N1h2 axb3 22. axb3 Ra2 23. Qd1 R8a7 24. Ng4 Qd8 25. Ng5 Nf8 26. Ne4 Ng6 27. h5 Nxf4 28. gxf4 Nb8 29. Qf3 R2a6 30. Kh1 Bxe4 31. Qxe4 Bf8 32. Bf3 Kh8 33. Kg2 Qc8 34. Qe2 Nc6 35. Be4 Ne7 36. Nh2 Ng8 37. Kh1 Ra2 38. Rb2 Rxb2 39. Qxb2 Qd8 40. Nf3 f5 41. exf6 Qxf6 42. Ra1 Rxa1+ 43. Qxa1 Qf7 44. Kg2 Qxh5 45. Qa8 Qg4+ 46. Kf1 Qxf4 47. Qe8 Qf6 48. Qb8 g6 49. Ne5 Kg7 50. Nd7 Qe7 51. Qe5+ Nf6 52. Bc6 Kf7 53. Nxf6 Qxf6 54. Be8+ Kg7 55. Qc7+ Be7 56. Bd7 Qf3 57. Qe5+ Bf6 58. Qxc5 Qxd3+ 59. Kg2 Qe4+ 60. f3 Qe2+ 61. Kg1 d3 62. Qf2 Qd1+ 63. Kg2 Qc2 0-1

[Event "Vaxjo Nordic zt"]
[Site "Vaxjo"]
[Date "2017.06.29"]
[Round "6"]
[White "Rostgaard, Tobias Valentin"]
[Black "Aroven, Mikael"]
[Result "1-0"]
[WhiteElo "2327"]
[BlackElo "2114"]
[PlyCount "121"]
[EventDate "2017.06.26"]
[EventType "swiss"]
[EventRounds "9"]
[EventCountry "SWE"]
[SourceTitle "CBM 179 Extra"]
[Source "ChessBase"]
[SourceDate "2017.08.23"]
[SourceVersion "1"]
[SourceVersionDate "2017.08.23"]
[SourceQuality "1"]

1. e4 c5 2. Nf3 e6 3. b3 Nc6 4. Bb2 d6 5. d4 cxd4 6. Nxd4 Bd7 7. Bd3 Nf6 8. 0-0 Be7 9. c4 Nxd4 10. Bxd4 Bc6 11. Qe2 e5 12. Bb2 a5 13. Nc3 0-0 14. Nd5 Nd7 15. Rfd1 Bxd5 16. cxd5 Nc5 17. Rac1 Bg5 18. Rxc5 dxc5 19. Bxe5 Qe7 20. Bc3 Rfd8 21. e5 Rxd5 22. Bxh7+ Kxh7 23. Qe4+ Kg8 24. Rxd5 a4 25. bxa4 Qe6 26. a5 Be7 27. Rd2 Rb8 28. h3 b5 29. axb6 Rxb6 30. Kh2 g6 31. Qg4 Ra6 32. Rb2 Ra3 33. Rb8+ Kg7 34. Rb7 Qxg4 35. hxg4 Rxc3 36. Rxe7 g5 37. e6 Kf6 38. Rxf7+ Kxe6 39. Rf5 c4 40. Rxg5 Kd6 41. Rg6+ Kd5 42. Rg8 Ra3 43. Rd8+ Ke5 44. Rc8 Kd4 45. g5 Rxa2 46. g6 Ra7 47. f4 c3 48. f5 Ke5 49. Rc5+ Kf6 50. g4 Kg5 51. Rxc3 Rb7 52. Kh3 Ra7 53. Rc8 Ra3+ 54. Kg2 Ra7 55. Kf3 Ra3+ 56. Ke4 Ra4+ 57. Ke5 Ra5+ 58. Ke6 Ra6+ 59. Ke7 Ra7+ 60. Kf8 Kh6 61. g5+ 1-0

[Event "Vaxjo Nordic zt"]
[Site "Vaxjo"]
[Date "2017.06.26"]
[Round "1"]
[White "Rasmussen, Allan Stig"]
[Black "Aroven, Mikael"]
[Result "1-0"]
[WhiteElo "2540"]
[BlackElo "2114"]
[PlyCount "93"]
[EventDate "2017.06.26"]
[EventType "swiss"]
[EventRounds "9"]
[EventCountry "SWE"]
[SourceTitle "CBM 179 Extra"]
[Source "ChessBase"]
[SourceDate "2017.08.23"]
[SourceVersion "1"]
[SourceVersionDate "2017.08.23"]
[SourceQuality "1"]

1. e4 c5 2. Nf3 e6 3. d4 cxd4 4. Nxd4 a6 5. c4 Qc7 6. Nc3 b6 7. Be3 Bb7 8. Rc1 d6 9. Bd3 Nd7 10. f4 Ngf6 11. b4 Rc8 12. 0-0 Be7 13. f5 e5 14. Nb3 Qb8 15. Qe2 Qa8 16. Nd2 0-0 17. g4 d5 18. Nxd5 Nxd5 19. cxd5 Bxb4 20. Rb1 Bc5 21. Rb3 b5 22. Bb1 Qb8 23. g5 Qd6 24. Bxc5 Qxc5+ 25. Kg2 Qd4 26. Rd3 Qb6 27. Rh3 Rfe8 28. Qh5 Nf8 29. f6 Rc7 30. fxg7 Kxg7 31. Rf6 Qd4 32. Qh6+ Kg8 33. g6 fxg6 34. Rhf3 Rg7 35. Rd3 Qb4 36. a3 Qe7 37. Rdf3 Nd7 38. Re6 Qd8 39. Ba2 Nc5 40. Ref6 Bc8 41. Qe3 Nd7 42. d6+ Kh8 43. Rf7 Rf8 44. Rxf8+ Nxf8 45. Qc3 Qe8 46. Qxe5 Ne6 47. Rf6 1-0

[Event "Gibraltar Masters 15th"]
[Site "Caleta"]
[Date "2017.01.31"]
[Round "8"]
[White "Aroven, Mikael"]
[Black "Berrocal Ruiz, Valentin"]
[Result "1-0"]
[WhiteElo "2172"]
[BlackElo "2042"]
[PlyCount "105"]
[EventDate "2017.01.24"]
[EventType "swiss"]
[EventRounds "10"]
[EventCountry "GGB"]
[SourceTitle "CBM 177"]
[Source "ChessBase"]
[SourceDate "2017.03.16"]
[SourceVersion "1"]
[SourceVersionDate "2017.03.16"]
[SourceQuality "1"]

1. c4 e5 2. g3 Nf6 3. Bg2 c6 4. Qa4 Na6 5. Nf3 Qc7 6. 0-0 Be7 7. Nc3 0-0 8. d4 d6 9. e4 Be6 10. Bg5 h6 11. Bxf6 Bxf6 12. d5 Bd7 13. Qa3 c5 14. Nd2 Rae8 15. Ne2 Qb6 16. Qc3 Bg4 17. Bf3 Bd7 18. h4 Qd8 19. Kg2 Nc7 20. a3 Qc8 21. Rh1 Bd8 22. Rag1 b5 23. b3 a6 24. Rh2 Re7 25. Kh1 Ne8 26. g4 g6 27. Qe3 Kh7 28. Ng3 Ng7 29. Nf5 gxf5 30. exf5 f6 31. Ne4 Qc7 32. Ng5+ Kg8 33. Ne6 Nxe6 34. fxe6 Be8 35. Be4 Rg7 36. Qxh6 bxc4 37. bxc4 Qa5 38. Qc1 Be7 39. Bf5 Qd8 40. Qh6 Qa5 41. Qc1 Qd8 42. Qc2 Qa5 43. Qd3 Qd8 44. g5 fxg5 45. hxg5 Rxf5 46. Qxf5 Bg6 47. Qh3 Rh7 48. Qxh7+ Bxh7 49. g6 Bg5 50. gxh7+ Kh8 51. Rh5 Qf6 52. Rgxg5 Qf3+ 53. Kg1 1-0

[Event "Gibraltar Challenger op-A"]
[Site "Caleta"]
[Date "2017.01.27"]
[Round "5"]
[White "Damia, Angelo"]
[Black "Aroven, Mikael"]
[Result "1-0"]
[WhiteElo "2233"]
[BlackElo "2172"]
[PlyCount "29"]
[EventDate "2017.01.23"]
[EventType "swiss"]
[EventRounds "5"]
[EventCountry "GGB"]
[SourceTitle "CBM 176 Extra"]
[Source "ChessBase"]
[SourceDate "2017.03.02"]
[SourceVersion "1"]
[SourceVersionDate "2017.03.02"]
[SourceQuality "1"]

1. e4 d6 2. d4 Nf6 3. Nc3 e5 4. Nf3 Nbd7 5. g4 Nxg4 6. Rg1 exd4 7. Nxd4 Nde5 8. h3 Nh2 9. Be2 c5 10. Nf5 g6 11. Ne3 Qh4 12. Ned5 h6 13. Bf4 Bg7 14. Nc7+ Kd7 15. Bxh2 1-0

[Event "Balaton op 34th"]
[Site "Balatonboglar"]
[Date "2016.06.19"]
[Round "6"]
[White "Juhasz, Nagy Sandor"]
[Black "Aroven, Mikael"]
[Result "0-1"]
[WhiteElo "1935"]
[BlackElo "2100"]
[PlyCount "82"]
[EventDate "2016.06.14"]
[EventType "swiss"]
[EventRounds "9"]
[EventCountry "HUN"]
[SourceTitle "CBM 173 Extra"]
[Source "ChessBase"]
[SourceDate "2016.08.29"]
[SourceVersion "1"]
[SourceVersionDate "2016.08.29"]
[SourceQuality "1"]

1. d4 Nf6 2. c4 e6 3. Nc3 Bb4 4. Bg5 h6 5. Bh4 Bxc3+ 6. bxc3 d6 7. e3 Nbd7 8. Bd3 0-0 9. Nf3 e5 10. e4 Re8 11. 0-0 Nf8 12. Re1 Ng6 13. Bg3 c5 14. Qb3 Nh5 15. Rad1 Qe7 16. h3 Qf6 17. dxe5 dxe5 18. Nh2 b6 19. Be2 Nhf4 20. Bg4 h5 21. Bxc8 Rexc8 22. Rd7 Rd8 23. Qd1 Rxd7 24. Qxd7 Qd8 25. Qb7 Rb8 26. Qxa7 Ra8 27. Qb7 Rxa2 28. Nf3 Ne2+ 29. Kh2 Nxg3 30. fxg3 h4 31. gxh4 Nxh4 32. Nxh4 Qxh4 33. Rf1 f6 34. Qc8+ Kh7 35. Qf5+ Kh6 36. Qf3 Qg5 37. Rf2 Ra3 38. g3 Qc1 39. Qg4 Qg5 40. Qe6 Kh7 41. Rc2 Ra1 0-1

[Event "Hasselbacken op"]
[Site "Stockholm"]
[Date "2016.05.01"]
[Round "2"]
[White "Anurag, Mhamal"]
[Black "Aroven, Mikael"]
[Result "1-0"]
[WhiteElo "2421"]
[BlackElo "2150"]
[PlyCount "103"]
[EventDate "2016.04.30"]
[EventType "swiss"]
[EventRounds "9"]
[EventCountry "SWE"]
[SourceTitle "CBM 172 Extra"]
[Source "ChessBase"]
[SourceDate "2016.06.21"]
[SourceVersion "1"]
[SourceVersionDate "2016.06.21"]
[SourceQuality "1"]

1. d4 g6 2. e4 Bg7 3. Nc3 d6 4. Be3 c6 5. f3 b5 6. Qd2 h5 7. Nge2 Nf6 8. g3 Nbd7 9. Bg2 Qc7 10. 0-0 Nb6 11. b3 h4 12. g4 h3 13. Bh1 b4 14. Nd1 c5 15. Nf2 Ba6 16. dxc5 dxc5 17. Rad1 Rc8 18. Rfe1 e5 19. c3 c4 20. cxb4 cxb3 21. axb3 0-0 22. Rc1 Qb8 23. Nc3 Rfd8 24. Qa2 Bb7 25. Nb5 Rxc1 26. Rxc1 Rc8 27. Rxc8+ Nxc8 28. Nxa7 Bf8 29. Nxh3 Bxb4 30. Bg2 Qd6 31. Nf2 Nd7 32. Nxc8 Bxc8 33. Bf1 Nf8 34. Nd3 Bc3 35. Qc2 Bd4 36. Bxd4 Qxd4+ 37. Qf2 Qa1 38. b4 Ne6 39. b5 f6 40. Qb2 Qd1 41. Qc1 Qxc1 42. Nxc1 Nd4 43. Kf2 Kf8 44. Bc4 Ke7 45. Nb3 Nxb3 46. Bxb3 g5 47. b6 Kd6 48. Bd5 Ba6 49. Kg3 Be2 50. h4 gxh4+ 51. Kxh4 Bxf3 52. g5 1-0

[Event "Stockholm op 08"]
[Site "Stockholm"]
[Date "2014.08.23"]
[Round "8"]
[White "Logdahl, Harald"]
[Black "Aroven, Mikael"]
[Result "1-0"]
[WhiteElo "2239"]
[BlackElo "2104"]
[PlyCount "81"]
[EventDate "2014.08.18"]
[EventType "swiss"]
[EventRounds "9"]
[EventCountry "SWE"]
[SourceTitle "CBM 161 Extra"]
[Source "ChessBase"]
[SourceDate "2014.08.29"]
[SourceVersion "1"]
[SourceVersionDate "2014.08.29"]
[SourceQuality "1"]

1. e4 c5 2. Nc3 g6 3. f4 Bg7 4. Nf3 a6 5. g3 Nc6 6. Bg2 e6 7. d3 Nge7 8. 0-0 d5 9. Bd2 0-0 10. g4 f5 11. gxf5 exf5 12. e5 b5 13. d4 cxd4 14. Ne2 Qb6 15. Kh1 d3 16. cxd3 Kh8 17. Be1 Be6 18. Bf2 Qb7 19. Ned4 Bg8 20. Nb3 b4 21. Nc5 Qb5 22. d4 Nd8 23. Bh4 Ra7 24. Rf2 Nec6 25. Bxd8 Rxd8 26. b3 Rc8 27. Rc1 Bf8 28. Rfc2 Qb6 29. Na4 Qb7 30. Ne1 Raa8 31. Nd3 Nd8 32. Ndc5 Qg7 33. Nb6 Qh6 34. Nxc8 Rxc8 35. Nd3 Rxc2 36. Rxc2 Ne6 37. Rc8 Be7 38. Bxd5 Nf8 39. Bxg8 Kxg8 40. Qf3 Qh4 41. d5 1-0